Introduction to digital logic design (Record no. 171945)

000 -LEADER
fixed length control field 00385nam a2200133Ia 4500
008 - FIXED-LENGTH DATA ELEMENTS--GENERAL INFORMATION
fixed length control field 220217s9999||||xx |||||||||||||| ||und||
020 ## - INTERNATIONAL STANDARD BOOK NUMBER
International Standard Book Number 0-201-15461-7
082 ## - DEWEY DECIMAL CLASSIFICATION NUMBER
Classification number 621.395 HAY
100 ## - MAIN ENTRY--PERSONAL NAME
Personal name Hayes, John, P
245 #0 - TITLE STATEMENT
Title Introduction to digital logic design
260 ## - PUBLICATION, DISTRIBUTION, ETC.
Place of publication, distribution, etc. Addision wesley publishing
Name of publisher, distributor, etc. California
Date of publication, distribution, etc. 1994
300 ## - PHYSICAL DESCRIPTION
Other physical details 1200
650 ## - SUBJECT ADDED ENTRY--TOPICAL TERM
Topical term or geographic name entry element DIGITAL DESIGN/LOGIC DESIGN
Holdings
Withdrawn status Lost status Damaged status Not for loan Collection code Home library Current library Shelving location Date acquired Full call number Barcode Date last seen Price effective from Koha item type
        Electronics and Communication Engineering Central Library Central Library Reference 02/18/2022 621.395 HAY 7134 02/18/2022 02/18/2022 Books

Powered by Koha